000 00790nam a2200181Ia 4500
008 151018s9999 xx 000 0 und d
082 _bRBASDV27485
_a891.463
100 _aआनंदराम कृष्णाजी टेकाडे
245 _aप्रठीभावतांच्या पाउलखुणा
250 _b1
260 _bविजय प्रकाशन नागपूर
_c1996
300 _a48
600 _aआनंदराम कृष्णाजी टेकाडे
630 _aप्रठीभावतांच्या पाउलखुणा
700 _aआनंदराम कृष्णाजी टेकाडे
730 _aप्रठीभावतांच्या पाउलखुणा
942 _cBOOK
999 _c1027075
_d1027072